| 000 | 01089nam a22002777a 4500 | ||
|---|---|---|---|
| 003 | EG-ScBUE | ||
| 005 | 20211017153429.0 | ||
| 008 | 211017s2008 ua f b 000 0 ara d | ||
| 017 | _a2008/11357 | ||
| 040 |
_aEG-ScBUE _bara _erda _cEG-ScBUE _dEG-ScBUE |
||
| 043 | _af-ua--- | ||
| 082 | 0 | 4 |
_a345.620773 _bف ق ي _222 |
| 100 | 1 |
_aالفقي، عماد، _eمؤلف. |
|
| 245 | 1 | 0 |
_aعقوبة الإعدام في التشريع المصري : _bتأصيلا وتحليلا / _cتأليف الدكتور عماد الفقي. |
| 250 | _aالطبعة الثانية. | ||
| 264 | 1 |
_aالقاهرة : _bالمنظمة العربية لحقوق الإنسان، _c2008. |
|
| 300 |
_a199 صفحة ؛ _c24 سم |
||
| 336 |
_2rdacontent _aنص _btxt |
||
| 337 |
_2rdamedia _aبدون وسيط _bn |
||
| 338 |
_2rdacarrier _aمجلد _bnc |
||
| 504 | _aيشتمل على إرجاعات ببليوجرافية. | ||
| 650 | 7 |
_aعقوبة الإعدام _xقوانين وتشريعات _zمصر. _2BUEsh |
|
| 653 |
_bLLAAWW _cOctober2021 |
||
| 655 |
_vReading book _934232 |
||
| 942 | _2ddc | ||
| 999 |
_c29603 _d29574 |
||